Kľúčové prvky úspechu spoločností budujúcich svoju značku v internetovom prostredí v oblasti výpočtovej techniky

Vysvetlenie pojmu internetový marketing. Elektronický obchod. Využívanie metódy Just in time. Špecifiká metódy Just in time v oblasti výpočtovej techniky firiem pôsobiacich vo virtuálnom prostredí.

Guardado en:
Detalles Bibliográficos
Autor principal: Lukačovičová, Zuzana
Formato: Capítulo de libro
Lenguaje:eslovaco
Materias:
Etiquetas: Agregar Etiqueta
Sin Etiquetas, Sea el primero en etiquetar este registro!

MARC

LEADER 00000nla$a2200000$$$4500
001 0101698
005 20240502072117.1
041 0 |a slo 
044 |a SK 
245 1 0 |a Kľúčové prvky úspechu spoločností budujúcich svoju značku v internetovom prostredí v oblasti výpočtovej techniky  |c Zuzana Lukačovičová 
520 |a Vysvetlenie pojmu internetový marketing. Elektronický obchod. Využívanie metódy Just in time. Špecifiká metódy Just in time v oblasti výpočtovej techniky firiem pôsobiacich vo virtuálnom prostredí. 
610 2 0 |a marketing 
610 2 0 |a nástroje marketingové 
610 2 0 |a obchod elektronický 
610 2 0 |a internet 
610 2 0 |a technika výpočtová 
610 2 0 |a predaj 
610 2 0 |a dodávky 
610 2 0 |a zákazníci 
100 1 |a Lukačovičová, Zuzana